000
00317nam a2200121Ia 4500
008
211105s9999 xx 000 0 und d
020
_a
VYASA12728
100
_a
HinoJog
245
0
_a
Suresvara'S Vartika On Asva And Asvamedha Brahmana
250
_a
1st
260
_b
Motilal Banarsidass Publishers
_c
\N
300
_a
110
999
_c
11081
_d
11081